000 01106cam a2200229 4500
001 WB@3612-419
008 040922n2004 000 0 eng u
035 _a(Sirsi) u127475
245 _aAugust mortgage lending weak
260 _c2004
490 _aBritish Bankers Association Press Release
_v(August 2004) 20 September 2004 (8)
520 _aThe latest figures from the "Major British Banking Groups: August 2004" show that despite mortgage lending rising by £4.4bn in August 2004; this was the weakest figure since June 2002. Growth in total unsecured personal lending at +£1.2bn was slightly above the recent average, with the demand for structured personal loans (+£9.6bn) increasing. Overall, total sterling lending to the UK private sector showed an underlying net increase of £13.6bn to £1 024.1bn. http://www.bba.org.uk/bba/jsp/polopoly.jsp?d=145&a =4486
590 _aWB
590 _aWB
650 _aMORTGAGE MARKET
650 _aMORTGAGE LENDING
650 _aREMORTGAGING
650 _aSTATISTICS
650 _aBANK LENDING
690 _aHOUSING-FINANCE
942 _n0
999 _c118028
_d118028